|
|
|
|
| LEADER |
01178nam a2200277 a 4500 |
| 001 |
4908755 |
| 008 |
120703t20061995enka b 001 0 eng d |
| 010 |
|
|
|a 94047422
|
| 020 |
|
|
|a 0748402152 (acid-free paper)
|
| 020 |
|
|
|a 0748402160 (pbk. : acid-free paper)
|
| 040 |
|
|
|a DLC
|c DLC
|d DLC
|d BD-DhAAL
|
| 082 |
0 |
0 |
|a 306.4/4
|2 20
|
| 100 |
1 |
|
|a Lemke, J. L.
|q (Jay L.)
|
| 245 |
1 |
0 |
|a Textual politics :
|b discourse and social dynamics /
|c Jay L. Lemke.
|
| 260 |
|
|
|a London ;
|a Bristol, PA :
|b Taylor & Francis,
|c 1995.[Digital Printing 2006]
|
| 300 |
|
|
|a ix, 196 p. :
|b ill. ;
|c 25 cm.
|
| 490 |
1 |
|
|a Critical perspectives on literacy and education
|
| 504 |
|
|
|a Includes bibliographical references (P. 185-193) and index.
|
| 541 |
|
|
|a 00025539
|
| 650 |
|
0 |
|a Sociolinguistics.
|
| 650 |
|
0 |
|a Language and languages
|x Political aspects.
|
| 650 |
|
0 |
|a Discourse analysis
|x Social aspects.
|
| 650 |
|
0 |
|a Semiotics
|x Social aspects.
|
| 852 |
1 |
|
|a Ayesha Abed Library
|j General shelf
|
| 999 |
|
|
|c 12472
|d 12472
|
| 952 |
|
|
|0 0
|1 0
|4 0
|6 306_440000000000000_LEM
|7 0
|9 20627
|a BRACUL
|b BRACUL
|c GEN
|d 2012-07-03
|e Karim International
|g 4370.00
|l 2
|m 16
|o 306.44 LEM
|p 3010025539
|r 2019-02-13
|s 2018-11-06
|t 1
|w 2012-07-04
|y BK
|